00409cam a2200157ua 45000010005000000080039000050400009000440820013000531000029000662450047000952500009001422600030001513000017001816530027001986530026002254136111219n ii |||gr||||Z||||||asm cMAIN a891.4513 aSaikia, Nagen,eEditor.,11aAsamiya galpa kaumudiced, by Nagen Saikia a3rd. aDibrugarh:bBanalata,996. a287p:c23cm. aAssamese short stories aAsamiya galpa kaumudi